000 00563nam a2200145 a 4500
008 100721s1980 ||||||||||||||||| || u
050 _aPAPERS/STAFF
100 _aMdala, Chisengu
245 1 0 _aRole of borehole geophysics in mineral resources exploration in Africa
260 _aLusaka
_bUniversity of Zambia, School of Mines
_c1980
350 _a0.00
650 _aGEOPHYSICS
650 _aMINING
995 _D0.00
_FCBU-MAIN LIBRARY (Kitwe)
_H1
_I0.00
_M1
_UAVAILABLE
_WJul 21, 2010
_ZUniversity Collection
999 _c56651
_d56651